=LDR 00000nam 2200000 4500 =001 000253 =005 20250710122043 =035 ##$$a 0010-0725000084 =245 1#$$a Pemberian Pak Beruang /$c Ana Falesthein T Alfina =100 #$$a Alfina, Ana Falesthein T =250 ##$$a edisi kedua =300 ##$$a 28 hlm. : $b ilus. ; $c 29.7 cm$e 398.245 598 =856 ##$$a TBM As Suhada =260 ##$$a Jakarta Timur :$b Badan pengembangan dan Pembinaan bahasa,$c 2022 =082 ##$$a 398.245 598 =084 ##$$a 398.245 598 ALF p =020 ##$$a 978-623-307-137-6 =650 #4$$a Cerita Anak-Fabel =650 #4$$a Literasi-Bahan Bacaan =008 250710###########################0###### =990 ##$$a TBM202500063